Loading...
The 'incumberances' : British women in India, 1615-1856 /
| Main Author: | |
|---|---|
| Format: | Printed Book |
| Language: | English |
| Edition: | First edition. |
| Subjects: | |
| Online Access: | Table of contents only Contributor biographical information Publisher description |
| LEADER | 01480cam a2200337 i 4500 | ||
|---|---|---|---|
| 008 | 131028s2013 ii a b 001 0 eng d | ||
| 999 | |c 347934 |d 347934 | ||
| 010 | |a 2013413524 | ||
| 020 | |a 9780198092148 | ||
| 020 | |a 0198092148 | ||
| 025 | |a I-E-2013-413524; 61-92; 70-92 | ||
| 035 | |a (OCoLC)ocn863316498 | ||
| 035 | |a (OCoLC)863316498 | ||
| 042 | |a lccopycat |a lcode | ||
| 043 | |a e-uk--- |a a-ii--- | ||
| 082 | 0 | 4 | |a 305.420941 |2 23 |
| 100 | 1 | |a Mickelson-Gaughan, Joan, | |
| 245 | 1 | 4 | |a The 'incumberances' : |b British women in India, 1615-1856 / |c Joan Mickelson Gaughan. |
| 250 | |a First edition. | ||
| 300 | |a xv, 277 pages : |b illustrations ; |c 22 cm | ||
| 504 | |a Includes bibliographical references (pages [257]-269) and index. | ||
| 650 | 0 | |a Women |z Great Britain |x History |y To 1900. | |
| 650 | 0 | |a Women |z India |x Social conditions |y To 1900. | |
| 856 | 4 | 1 | |3 Table of contents only |u http://www.loc.gov/catdir/enhancements/fy1407/2013413524-t.html |
| 856 | 4 | 2 | |3 Contributor biographical information |u http://www.loc.gov/catdir/enhancements/fy1407/2013413524-b.html |
| 856 | 4 | 2 | |3 Publisher description |u http://www.loc.gov/catdir/enhancements/fy1407/2013413524-d.html |
| 942 | |c BK | ||
| 246 | 1 | 7 | |a British women in India |
| 906 | |a 7 |b cbc |c copycat |d 3 |e ncip |f 20 |g y-gencatlg | ||
| 955 | |i wd34 2014-04-30 to ASME | ||
| 952 | |0 0 |1 0 |2 ddc |4 0 |6 305_420941000000000_GAU_I |7 0 |9 401078 |a HIS |b HIS |c PROC |d 2020-01-23 |i 26423 |l 0 |o 305.420941 GAU/I |p HIS26423 |r 2020-01-23 |v 945.00 |w 2020-01-23 |y BK | ||